বিদ্যাসাগর- জীবনচরিত ও ভ্রমনিরাশ / (Record no. 64754)
[ view plain ]
| 000 -LEADER | |
|---|---|
| fixed length control field | 00952nam a2200217 a 4500 |
| 001 - CONTROL NUMBER | |
| control field | 64754 |
| 003 - CONTROL NUMBER IDENTIFIER | |
| rucl marc code | BD-RjUL |
| 005 - DATE AND TIME OF LATEST TRANSACTION | |
| control field | 20211209081340.0 |
| 008 - FIXED-LENGTH DATA ELEMENTS--GENERAL INFORMATION | |
| fixed length control field | 170220r19551891ii ||||| |||| 00| 0 d |
| 035 ## - SYSTEM CONTROL NUMBER | |
| System control number | (BD-RjUL)64884 |
| 040 ## - CATALOGING SOURCE | |
| Original cataloging agency | BD-RjUL |
| Language of cataloging | ben |
| Transcribing agency | BD-RjUL |
| 041 ## - LANGUAGE CODE | |
| Language code of text/sound track or separate title | ben |
| 082 ## - DEWEY DECIMAL CLASSIFICATION NUMBER | |
| Edition number | 23 |
| Classification number | 370.924 |
| Author mark and year | BIB 1955 |
| 100 1# - MAIN ENTRY--PERSONAL NAME | |
| Personal name | বিদ্যারত্ন, শম্ভুচন্দ্র |
| 9 (RLIN) | 191647 |
| 245 10 - TITLE STATEMENT | |
| Title | বিদ্যাসাগর- জীবনচরিত ও ভ্রমনিরাশ / |
| Statement of responsibility, etc. | শম্ভুচন্দ্র বিদ্যারত্ন |
| 260 ## - PUBLICATION, DISTRIBUTION, ETC. (IMPRINT) | |
| Place of publication, distribution, etc. | কলকাতা : |
| Name of publisher, distributor, etc. | বুকল্যান্ড, |
| Date of publication, distribution, etc. | ১৮৯১, ১৯৫৫ |
| 300 ## - PHYSICAL DESCRIPTION | |
| Pagination | ৩২৯ পৃ. ; |
| Size | ২০ সেমি. |
| 600 ## - SUBJECT ADDED ENTRY--PERSONAL NAME | |
| Personal name | বিদ্যাসাগর ,ঈশ্বরচন্দ্র |
| Fuller form of name | জীবনী |
| Titles and other words associated with a name | ১৮২০-১৮৯১ |
| Personal name | Vidyasagar, Ishwar Chandra |
| General subdivision | Biography |
| Titles and other words associated with a name | 1820-1891 |
| 942 ## - ADDED ENTRY ELEMENTS (KOHA) | |
| Source of classification or shelving scheme | Dewey Decimal Classification |
| Koha item type | Books |
| Lost status | Source of classification or shelving scheme | Damaged status | Not for loan | Collection code | Permanent Location | Current Location | Shelving location | Date acquired | Source of acquisition | Cost, normal purchase price | Total Checkouts | Full call number | Date last seen | Copy number | Koha item type |
|---|---|---|---|---|---|---|---|---|---|---|---|---|---|---|---|
| Dewey Decimal Classification | Not For Loan | Non-fiction | Central Library, University of Rajshahi | Central Library, University of Rajshahi | Reading Room | 05/11/1974 | Jonathan Wren and co., London | 6.50 | B 370.924 BIB 1891 | 20/02/2017 | C-1 | Books | |||
| Dewey Decimal Classification | Non-fiction | Central Library, University of Rajshahi | Central Library, University of Rajshahi | 15/04/1964 | Paday, F.K.I. Mutho | 6.00 | B 370.924 BIB 1955 | 23/08/2021 | C-2 | Books |